<?xml version="1.0" encoding="UTF-8"?>
<record
    xmlns:xsi="http://www.w3.org/2001/XMLSchema-instance"
    xsi:schemaLocation="http://www.loc.gov/MARC21/slim http://www.loc.gov/standards/marcxml/schema/MARC21slim.xsd"
    xmlns="http://www.loc.gov/MARC21/slim">

  <leader>00749nam a2200217Ia 4500</leader>
  <datafield tag="999" ind1=" " ind2=" ">
    <subfield code="c">36124</subfield>
    <subfield code="d">36124</subfield>
  </datafield>
  <controlfield tag="001">2024</controlfield>
  <controlfield tag="003">GE_BSU</controlfield>
  <controlfield tag="005">20190423101808.0</controlfield>
  <controlfield tag="008">181216s2006||||ru |||||||||||||| ||rus||</controlfield>
  <datafield tag="020" ind1=" " ind2=" ">
    <subfield code="a">5699170227</subfield>
  </datafield>
  <datafield tag="040" ind1=" " ind2=" ">
    <subfield code="c">GE_BSU</subfield>
  </datafield>
  <datafield tag="041" ind1=" " ind2=" ">
    <subfield code="a">rus</subfield>
  </datafield>
  <datafield tag="080" ind1=" " ind2=" ">
    <subfield code="a">342.5(470)(075.8)</subfield>
  </datafield>
  <datafield tag="245" ind1=" " ind2=" ">
    <subfield code="a">&#x41F;&#x430;&#x440;&#x43B;&#x430;&#x43C;&#x435;&#x43D;&#x442;&#x430;&#x440;&#x43D;&#x43E;&#x435; &#x43F;&#x440;&#x430;&#x432;&#x43E; &#x420;&#x43E;&#x441;&#x441;&#x438;&#x438; :</subfield>
    <subfield code="b">&#x423;&#x447;&#x435;&#x431;&#x43D;&#x438;&#x43A; /</subfield>
    <subfield code="c">&#x41F;&#x43E;&#x434; &#x43E;&#x431;&#x449;. &#x440;&#x435;&#x434;. &#x41E;.&#x41D;.&#x411;&#x443;&#x43B;&#x430;&#x43A;&#x43E;&#x432;&#x430; &#x438; &#x434;&#x440;.</subfield>
  </datafield>
  <datafield tag="264" ind1=" " ind2=" ">
    <subfield code="a">&#x41C;&#x43E;&#x441;&#x43A;&#x432;&#x430; :</subfield>
    <subfield code="b">&#x42D;&#x43A;&#x441;&#x43C;&#x43E;,</subfield>
    <subfield code="c">2006.</subfield>
  </datafield>
  <datafield tag="300" ind1=" " ind2=" ">
    <subfield code="a">656&#x441;&#x442;&#x440;. ;</subfield>
    <subfield code="b">21&#x441;&#x43C;.</subfield>
  </datafield>
  <datafield tag="653" ind1=" " ind2=" ">
    <subfield code="a">&#x10E0;&#x10E3;&#x10E1;&#x10D4;&#x10D7;&#x10D8;&#x10E1; &#x10DE;&#x10D0;&#x10E0;&#x10DA;&#x10D0;&#x10DB;&#x10D4;&#x10DC;&#x10E2;&#x10D8;</subfield>
  </datafield>
  <datafield tag="653" ind1=" " ind2=" ">
    <subfield code="a">&#x10E1;&#x10D0;&#x10DE;&#x10D0;&#x10E0;&#x10DA;&#x10D0;&#x10DB;&#x10D4;&#x10DC;&#x10E2;&#x10DD; &#x10E1;&#x10D0;&#x10DB;&#x10D0;&#x10E0;&#x10D7;&#x10D0;&#x10DA;&#x10D8;</subfield>
  </datafield>
  <datafield tag="700" ind1=" " ind2=" ">
    <subfield code="a">&#x411;&#x443;&#x43B;&#x430;&#x43A;&#x43E;&#x432;&#x430;, &#x41E;.&#x41D;.</subfield>
    <subfield code="c">&#x420;&#x435;&#x434;&#x430;&#x43A;&#x442;&#x43E;&#x440;</subfield>
    <subfield code="9">368</subfield>
  </datafield>
  <datafield tag="942" ind1=" " ind2=" ">
    <subfield code="c">BK</subfield>
    <subfield code="2">udc</subfield>
  </datafield>
  <datafield tag="952" ind1=" " ind2=" ">
    <subfield code="0">0</subfield>
    <subfield code="1">0</subfield>
    <subfield code="2">udc</subfield>
    <subfield code="4">0</subfield>
    <subfield code="6">34254700758_&#x41F;18</subfield>
    <subfield code="7">0</subfield>
    <subfield code="9">34849</subfield>
    <subfield code="a">CPL</subfield>
    <subfield code="b">CPL</subfield>
    <subfield code="c">GEN</subfield>
    <subfield code="d">2018-12-17</subfield>
    <subfield code="o">342.5(470)(075.8) &#x41F;-18</subfield>
    <subfield code="p">3834</subfield>
    <subfield code="r">2018-12-17</subfield>
    <subfield code="w">2018-12-17</subfield>
    <subfield code="y">BK</subfield>
    <subfield code="z">20 &#x10DA;.</subfield>
  </datafield>
</record>
